|
|
|
|
| LEADER |
00000nam a2200000 a 4500 |
| 001 |
vtls001301430 |
| 003 |
SK-MaSNL |
| 005 |
20260301155630.0 |
| 008 |
240313s1967 xr a g 00000 cze |
| 035 |
|
|
|a SNK000253447
|
| 040 |
|
|
|a SNK
|b slo
|c SNK
|e AACR2
|
| 041 |
0 |
|
|a cze
|
| 044 |
|
|
|a xr
|c CZ
|
| 072 |
|
7 |
|a 641
|x Kuchárstvo. Potraviny. Varené jedlá
|2 konspekt
|
| 080 |
|
|
|a 641.568(470+571)
|2 2001
|
| 080 |
|
|
|a 641.568(497.2)
|2 2001
|
| 080 |
|
|
|a 641.568(439)
|2 2001
|
| 080 |
|
|
|a (083.12)
|2 2011
|
| 100 |
1 |
|
|a Syrový, František
|4 aut
|9 520121
|
| 245 |
1 |
0 |
|a Jídla ruské, bulharské a maďarské kuchyně
|c František Syrový, Antonín Nechvátal
|
| 250 |
|
|
|a 1. vyd.
|
| 260 |
|
|
|a Praha
|b Merkur
|c 1967
|
| 300 |
|
|
|a 59 s.
|b ilustr.
|c 16 cm
|
| 490 |
1 |
|
|a Knižnice Obchod a spotřebitel
|
| 500 |
|
|
|a Brožovaná
|
| 650 |
0 |
7 |
|a ruské jedlá
|2 SNKPH
|9 87937
|
| 650 |
0 |
7 |
|a bulharské jedlá
|2 SNKPH
|9 86781
|
| 650 |
0 |
7 |
|a maďarské jedlá
|2 SNKPH
|9 67906
|
| 650 |
0 |
7 |
|a Russian cookery
|2 SNKPHeng
|9 318131
|
| 650 |
0 |
7 |
|a Bulgarian cookery
|2 SNKPHeng
|9 398635
|
| 655 |
|
7 |
|a kuchárske recepty
|2 SNKPH
|9 70493
|
| 655 |
|
7 |
|a Cookbooks
|2 SNKPHeng
|9 270340
|
| 700 |
1 |
|
|a Nechvátal, Antonín
|4 aut
|9 520122
|
| 830 |
|
0 |
|a Knižnice Obchod a spotřebitel
|9 520123
|
| 852 |
|
|
|a Štátna vedecká knižnica v Banskej Bystrici
|
| 958 |
|
|
|a OND
|
| 999 |
|
|
|c 802003
|d 803933
|
| 952 |
|
|
|t P60, <04>, [BOOK], {604}
|a SNK
|b SNK
|y VYP
|7 0
|p 17A0093798
|o snkID 45973 D1
|0 0
|1 1
|4 0
|d 1997-09-05
|l 0
|r 2005-01-02 00:00:00
|w 2026-02-24
|